[Event "Haustmót Taflfélags Reykjavíkur 2017"]
[Site "Reykjavik, Iceland"]
[Date "2017.09.10"]
[Round "3.5"]
[White "Gudmarsson, Olafur"]
[Black "Eliasson, Kristjan Orn"]
[Result "1-0"]
[WhiteElo "1721"]
[BlackElo "1869"]
[PlyCount "139"]
[EventDate "2017.09.06"]
[SourceDate "2017.09.07"]
[SourceVersionDate "2017.09.07"]

1. d4 Nf6 2. c4 c6 3. Nc3 d5 4. cxd5 cxd5 5. Nf3 e6 6. Bf4 Be7 7. e3 O-O 8. Bd3
Nc6 9. a3 a6 10. h4 b5 11. g4 b4 12. g5 Nh5 13. Ne2 bxa3 14. bxa3 Qa5+ 15. Kf1
Ra7 16. Qc2 Nb4 17. Bxh7+ Kh8 18. Qb1 Nc6 19. Bd3 Rb7 20. Qd1 Bxa3 21. Bd6 Bxd6
22. Rxa5 Nxa5 23. Ne5 Nc4 24. Nxc4 dxc4 25. Bxc4 Rc7 26. Bd3 Bb7 27. e4 Rfc8
28. Kg2 g6 29. Qd2 Kg7 30. Rb1 Ra8 31. Rb6 Rd7 32. Qb2 Ra7 33. f3 Bf4 34. Bc4
a5 35. d5+ e5 36. Bb5 Rd8 37. Ba4 Ba6 38. Ng1 Ng3 39. Bb5 Bc8 40. Ne2 Nxe2 41.
Bxe2 a4 42. Rf6 Kg8 43. Qa3 Bd7 44. Rb6 Rc7 45. Bb5 Rc2+ 46. Kf1 Bh3+ 47. Ke1
Rc1+ 48. Kf2 Rc2+ 49. Be2 Rdc8 50. Qxa4 Rc1 51. Rc6 Kg7 52. Rxc1 Rxc1 53. d6
Rh1 54. d7 Rh2+ 55. Ke1 Rh1+ 56. Bf1 Bxf1 57. Kf2 Bh3 58. d8=Q Rh2+ 59. Ke1
Rh1+ 60. Ke2 Rh2+ 61. Kd1 Rh1+ 62. Kc2 Rh2+ 63. Kb3 Be6+ 64. Kc3 Rh3 65. Qf6+
Kh7 66. Qd1 Rg3 67. Kb4 Rg2 68. Qdd8 Rb2+ 69. Kc3 Rb3+ 70. Kc2 1-0

[Event "Haustmót Taflfélags Reykjavíkur 2017"]
[Site "Reykjavik, Iceland"]
[Date "2017.09.10"]
[Round "3.6"]
[White "Andrason, Pall"]
[Black "Thorisson, Benedikt"]
[Result "1-0"]
[WhiteElo "1800"]
[BlackElo "1065"]
[PlyCount "89"]
[EventDate "2017.09.06"]
[SourceDate "2017.09.07"]
[SourceVersionDate "2017.09.07"]

1. d4 d5 2. e3 c5 3. c3 Nc6 4. Bd3 c4 5. Bc2 g6 6. f4 Bg7 7. Nf3 Nh6 8. O-O Bf5
9. Nbd2 O-O 10. e4 dxe4 11. Bxe4 Bxe4 12. Nxe4 Nf5 13. Qe2 Rc8 14. Kh1 Nd6 15.
Ng3 Qd7 16. Ne5 Nxe5 17. fxe5 Ne8 18. Be3 b5 19. Ne4 Nc7 20. Rf3 Nd5 21. Bd2 f6
22. Nc5 Qc6 23. e6 a5 24. a4 b4 25. Qxc4 Nb6 26. Qb5 Qxb5 27. axb5 Nc4 28. Bc1
bxc3 29. bxc3 Rfd8 30. Bf4 f5 31. Nd7 Ra8 32. b6 Nxb6 33. Nxb6 Ra6 34. Bc7 Rf8
35. Nd7 Rc8 36. Nc5 Ra7 37. Bb6 Raa8 38. Rf2 Rc6 39. Bxa5 Rb6 40. Rfa2 Rd6 41.
Bc7 Rxa2 42. Rxa2 Rc6 43. Ra8+ Bf8 44. Be5 h5 45. Nd7 1-0

[Event "Haustmót Taflfélags Reykjavíkur 2017"]
[Site "Reykjavik, Iceland"]
[Date "2017.09.10"]
[Round "3.8"]
[White "Jonsson, Kristjan Dagur"]
[Black "Vignisson, Ingvar Egill"]
[Result "0-1"]
[WhiteElo "1271"]
[BlackElo "1670"]
[PlyCount "74"]
[EventDate "2017.09.06"]
[SourceDate "2017.09.07"]
[SourceVersionDate "2017.09.07"]

1. d4 d5 2. c4 c6 3. Nc3 Nf6 4. Bg5 e6 5. Nf3 Nbd7 6. e3 Qa5 7. a3 Ne4 8. Qc2
Nxg5 9. Nxg5 dxc4 10. Bxc4 Qxg5 11. O-O b5 12. Bd3 f5 13. f4 Qg6 14. e4 Bd6 15.
exf5 Qf6 16. Rae1 Qxd4+ 17. Kh1 Nc5 18. Rf3 O-O 19. fxe6 Nxd3 20. Rd1 Qc4 21.
Rdxd3 Bxf4 22. e7 Re8 23. g3 Bf5 24. Rxf4 Qxd3 25. Qb3+ Kh8 26. Qf7 g6 27. g4
Qe3 28. Qf6+ Kg8 29. Rf1 Be4+ 30. Nxe4 Qxe4+ 31. Kg1 Qxg4+ 32. Kh1 Qe4+ 33. Kg1
Qxe7 34. Qxc6 Qe3+ 35. Rf2 Qg5+ 36. Kf1 Rac8 37. Rf8+ Rxf8+ 0-1

[Event "Haustmót Taflfélags Reykjavíkur 2017"]
[Site "Reykjavik, Iceland"]
[Date "2017.09.10"]
[Round "3.11"]
[White "Sigurvaldason, Hjalmar"]
[Black "Omarsson, Adam"]
[Result "1-0"]
[WhiteElo "1498"]
[BlackElo "1149"]
[PlyCount "81"]
[EventDate "2017.09.06"]
[SourceDate "2017.09.07"]
[SourceVersionDate "2017.09.07"]

1. Nf3 d5 2. c4 c6 3. b3 Bf5 4. d3 Nd7 5. Bb2 e6 6. Nbd2 Ngf6 7. h3 Bc5 8. e3
O-O 9. a3 Qe7 10. b4 Bd6 11. c5 Bc7 12. d4 b6 13. Be2 bxc5 14. dxc5 e5 15. O-O
e4 16. Nh2 Ne5 17. Re1 Bb8 18. Nhf1 Qc7 19. Bxe5 Qxe5 20. Ba6 Bc7 21. Bb7 Rab8
22. Bxc6 Be6 23. Qa4 Qg5 24. f4 Qg6 25. Kh1 Rbc8 26. Bb7 Rb8 27. Qxa7 Qh6 28.
Nh2 Nh5 29. Ndf1 Qg6 30. g4 Nf6 31. f5 Bxf5 32. gxf5 Qxf5 33. Ra2 Qxh3 34. Rg2
Rfe8 35. c6 Nh5 36. Qd4 Ng3+ 37. Nxg3 Bxg3 38. Rxg3 Qxg3 39. Rg1 Qe5 40. Qxe5
Rxe5 41. c7 1-0